000 00635nam a2200205Ii 4500
003 JO-AjNU
008 230605s9999||||xx |||||||||||||| ||und||
020 _a2008/10/3653
040 _aJO-AjNU
_bara
_erda
_cJO-AjNU
041 _aara
050 1 4 _aQC173.75.T5.G484 2008
100 3 _aغصيب، هشام,
_eauthor
_949024
245 0 0 _aالسندباد الفيزيائي ونسيبة اينشتاين
264 3 1 _aعمان:وزرة الثقافه ، 2008
300 _a138ص
336 _atext
_btxt
_2rdacontent
337 _aunmediated
_bn
_2rdamedia
338 _avolume
_bnc
_2rdacarrier
650 4 _aالكترون
_949025
999 _aA21507
_c25075
_d25075